| 000 | 00537nam a2200169 4500 | ||
|---|---|---|---|
| 999 |
_c4580 _d4580 |
||
| 008 | 160916b xxu||||| |||| 00| 0 eng d | ||
| 022 | _a2094-8042 | ||
| 082 | _aDPer 370.105 M72 Jan-Dec 2012 v. 60-61 | ||
| 100 |
_914707 _aVillamor, Jocelyn A. |
||
| 243 | _aThe modern teacher | ||
| 245 |
_aHeeding the call of duty/ _cJocelyn A. Villamor. |
||
| 260 |
_aPhilippines: _bIn the Grade School, Inc., _c©2012. |
||
| 300 |
_apages 169-170; _c28 cm. |
||
| 500 | _aThe Modern Teacher. | ||
| 650 | 0 |
_914708 _aProfession |
|
| 942 |
_2ddc _cPER |
||